The Poetry of Tony Harrison (Record no. 119514)
[ view plain ]
| 000 -LEADER | |
|---|---|
| fixed length control field | 00396nam a22001337a 4500 |
| 005 - DATE AND TIME OF LATEST TRANSACTION | |
| control field | 20140106141138.0 |
| 008 - FIXED-LENGTH DATA ELEMENTS--GENERAL INFORMATION | |
| fixed length control field | 140106b xxu||||| |||| 00| 0 eng d |
| 050 ## - LIBRARY OF CONGRESS CALL NUMBER | |
| Classification number | PR6058.A6943 |
| Item number | Z87 1994 |
| 100 ## - MAIN ENTRY--PERSONAL NAME | |
| Personal name | Spencer, Luke |
| 9 (RLIN) | 6518 |
| 245 ## - TITLE STATEMENT | |
| Title | The Poetry of Tony Harrison |
| Statement of responsibility, etc | Spencer, Luke |
| 260 ## - PUBLICATION, DISTRIBUTION, ETC. (IMPRINT) | |
| Place of publication, distribution, etc | New York |
| Name of publisher, distributor, etc | Harvester Wheatsheaf |
| Date of publication, distribution, etc | 1994 |
| 300 ## - PHYSICAL DESCRIPTION | |
| Extent | xviii, 153p. ; |
| Dimensions | 23cm. |
| 942 ## - ADDED ENTRY ELEMENTS (KOHA) | |
| Source of classification or shelving scheme | Library of Congress Classification |
| Item type | Monograph ( Printed materials) |
No items available.